000 00672nam a2200217Ia 4500
003 GCL
008 140319s9999 xx 000 0 ara d
040 _aGCL /
_cGCL
082 0 4 _a370.15
_bص ا
100 1 _aصلاح الدين محمد ابوناهية
245 1 0 _aاسس التعلم ونظرياته /
_cصلاح الدين محمد ابوناهية
260 _a[S.N] :
_bدار النهضة العربية ،
_c1991
300 _a316
490 _a
650 0 4 _aالتعليم
650 0 4 _aعلم النفس التربوى
650 0 4 _aالذاكرة
650 0 4 _aالادراك
650 0 4 _aالرادار فى الملاحة
942 _2ddc
_cBK
999 _c31518
_d31518